PHYSICAL GEOLOGY AND THE ENVIRONMENT (Record no. 62864)
[ view plain ]
| 000 -LEADER | |
|---|---|
| fixed length control field | 00248nam a2200097Ia 4500 |
| 050 ## - LIBRARY OF CONGRESS CALL NUMBER | |
| Classification number | QE28.2.P499.C.6 |
| 100 ## - MAIN ENTRY--PERSONAL NAME | |
| Personal name | CHARLES C.PLUMMER |
| 245 #0 - TITLE STATEMENT | |
| Title | PHYSICAL GEOLOGY AND THE ENVIRONMENT |
| 942 ## - ADDED ENTRY ELEMENTS (KOHA) | |
| Koha item type | Long Loan Book |
| Withdrawn status | Lost status | Source of classification or shelving scheme | Damaged status | Not for loan | Collection | Home library | Current library | Shelving location | Date acquired | Inventory number | Total checkouts | Full call number | Barcode | Date last seen | Copy number | Price effective from | Koha item type | Date last checked out |
|---|---|---|---|---|---|---|---|---|---|---|---|---|---|---|---|---|---|---|
| Library of Congress Classification | Science & Technology | Kisii University Library | Kisii University Library | On Display | 09/04/2024 | 56785 | QE 28.2 .P49 2004 | 012014 | 09/04/2024 | C.6 | 09/04/2024 | Long Loan Book | ||||||
| Library of Congress Classification | Science & Technology | Kisii University Library | Kisii University Library | On Display | 09/04/2024 | 670083 | QE 28.2 .P49 2004 | 0000000009593 | 09/04/2024 | C.5 | 09/04/2024 | Long Loan Book | ||||||
| Library of Congress Classification | Science & Technology | Kisii University Library | Kisii University Library | On Display | 09/04/2024 | 58883 | QE 28.2 .P49 2004 | 000000009594 | 09/04/2024 | C.7 | 09/04/2024 | Long Loan Book | ||||||
| Library of Congress Classification | Science & Technology | Kisii University Library | Kisii University Library | On Display | 09/04/2024 | 67079 | QE 28.2 .P49 2004 | 031696 | 09/04/2024 | C.10 | 09/04/2024 | Long Loan Book | ||||||
| Library of Congress Classification | Science & Technology | Kisii University Library | Kisii University Library | On Display | 09/04/2024 | 67081 | QE 28.2 .P49 2004 | 000000010931 | 09/04/2024 | C.12 | 09/04/2024 | Long Loan Book | ||||||
| Library of Congress Classification | Science & Technology | Kisii University Library | Kisii University Library | On Display | 09/04/2024 | 58885 | 1 | QE 28.2 .P49 2004 | 000000010932 | 12/02/2024 | C.9 | 09/04/2024 | Long Loan Book | 11/30/2024 | ||||
| Library of Congress Classification | Science & Technology | Kisii University Library | Kisii University Library | On Display | 09/04/2024 | 67082 | QE 28.2 .P49 2004 | 000000010933 | 09/04/2024 | C.13 | 09/04/2024 | Long Loan Book | ||||||
| Library of Congress Classification | Science & Technology | Kisii University Library | Kisii University Library | On Display | 09/04/2024 | 58884 | QE 28.2 .P49 2004 | 000000010934 | 09/04/2024 | C.8 | 09/04/2024 | Long Loan Book | ||||||
| Library of Congress Classification | Science & Technology | Kisii University Library | Kisii University Library | On Display | 09/04/2024 | 67080 | QE 28.2 .P49 2004 | 000000010935 | 09/04/2024 | C.11 | 09/04/2024 | Long Loan Book | ||||||
| Library of Congress Classification | Science & Technology | Kisii University Library | Kisii University Library | On Display | 09/04/2024 | 58285 | QE 28.2 .P49 2004 | 000000010936 | 09/04/2024 | C.1 | 09/04/2024 | Long Loan Book | ||||||
| Library of Congress Classification | Science & Technology | Kisii University Library | Kisii University Library | On Display | 09/04/2024 | 56287 | QE 28.2 .P49 2004 | 000000010942 | 09/04/2024 | C.3 | 09/04/2024 | Long Loan Book | ||||||
| Library of Congress Classification | Science & Technology | Kisii University Library | Kisii University Library | On Display | 09/04/2024 | 56288 | QE 28.2 .P49 2004 | 000000010941 | 09/04/2024 | C.4 | 09/04/2024 | Long Loan Book | ||||||
| Library of Congress Classification | Science & Technology | Kisii University Library | Kisii University Library | On Display | 09/04/2024 | 56286 | QE 28.2 .P49 2004 | 000000010940 | 09/04/2024 | C.2 | 09/04/2024 | Long Loan Book |